[Event "DVM U16 2020"]
[Site "Willingen GER"]
[Date "2021.06.26"]
[Round "5"]
[White "Afonso, Phil"]
[Black "Rasch, Lukas"]
[Result "1/2-1/2"]
[Termination "normal"]
[Board "6.4"]
[WhiteElo "1542"]
[BlackElo "1591"]
[WhiteClock "01:04:29"]
[BlackClock "01:13:54"]
[WhiteTeam "SF 59 Kornwestheim"]
[BlackTeam "Schachfreunde Essen-Katernberg"]
[PlyCount "52"]
[WhiteFideId "16207475"]
[BlackFideId "16272072"]
[EventCountry "GER"]
[EventRounds "7"]
[EventType "team-swiss"]
[EventDate "2021.06.23"]

1. e4 {[%clk 1:30:57]} d5 2. exd5 {[%clk 1:31:20]} Nf6 {[%clk 1:31:22]} 3. Be2
{[%clk 1:31:42]} Nxd5 {[%clk 1:29:45]} 4. d4 {[%clk 1:31:46]} g6 {[%clk
1:26:30]} 5. Nf3 {[%clk 1:31:44]} Bg7 {[%clk 1:26:21]} 6. c4 {[%clk 1:31:37]}
Nf6 {[%clk 1:24:10]} 7. Nc3 {[%clk 1:31:48]} Bg4 {[%clk 1:24:13]} 8. h3 {[%clk
1:31:43]} Bxf3 {[%clk 1:24:30]} 9. Bxf3 {[%clk 1:32:02]} c6 {[%clk 1:24:56]}
10. Be3 {[%clk 1:32:01]} Nbd7 {[%clk 1:24:54]} 11. O-O {[%clk 1:32:06]} O-O
{[%clk 1:24:28]} 12. Re1 {[%clk 1:31:31]} e6 {[%clk 1:24:10]} 13. Qd2 {[%clk
1:30:55]} Nb6 {[%clk 1:22:56]} 14. Be2 {[%clk 1:30:03]} Qe7 {[%clk 1:21:17]}
15. c5 {[%clk 1:28:23]} Nbd5 {[%clk 1:20:53]} 16. Nxd5 {[%clk 1:28:00]} Nxd5
{[%clk 1:21:15]} 17. Rad1 {[%clk 1:26:03]} Rfd8 {[%clk 1:18:39]} 18. Bc4 {[%clk
1:21:09]} Rd7 {[%clk 1:17:16]} 19. Bg5 {[%clk 1:19:42]} Bf6 {[%clk 1:16:38]}
20. Bxf6 {[%clk 1:19:29]} Qxf6 {[%clk 1:17:06]} 21. Re5 {[%clk 1:18:00]} Ne7
{[%clk 1:15:06]} 22. g4 {[%clk 1:12:05]} Rad8 {[%clk 1:14:39]} 23. Qe3 {[%clk
1:11:33]} Nd5 {[%clk 1:13:02]} 24. Bxd5 {[%clk 1:10:58]} Rxd5 {[%clk 1:13:25]}
25. Rxd5 {[%clk 1:10:58]} Rxd5 {[%clk 1:13:54]} 26. f4 {[%clk 1:04:29]} Qd8
1/2-1/2

[Event "DVM U16 2020"]
[Site "Willingen GER"]
[Date "2021.06.26"]
[Round "5"]
[White "Weidemann, Jakob"]
[Black "Danninger, Jannik"]
[Result "1-0"]
[Termination "normal"]
[Board "7.1"]
[WhiteElo "1570"]
[BlackElo "1921"]
[WhiteClock "00:52:19"]
[BlackClock "00:10:26"]
[WhiteTeam "Schachklub Münster 32 e. V."]
[BlackTeam "TV Tegernsee"]
[PlyCount "55"]
[WhiteFideId "16255470"]
[BlackFideId "16226402"]
[EventCountry "GER"]
[EventRounds "7"]
[EventType "team-swiss"]
[EventDate "2021.06.23"]

1. e4 {[%clk 1:30:56]} c5 {[%clk 1:30:53]} 2. Nf3 {[%clk 1:31:21]} d6 {[%clk
1:31:17]} 3. d4 {[%clk 1:31:46]} cxd4 {[%clk 1:31:43]} 4. Nxd4 {[%clk 1:32:11]}
Nf6 {[%clk 1:32:01]} 5. Nc3 {[%clk 1:32:35]} g6 {[%clk 1:32:24]} 6. Be3 {[%clk
1:33:01]} Bg7 {[%clk 1:32:46]} 7. f3 {[%clk 1:33:26]} O-O {[%clk 1:33:09]} 8.
Qd2 {[%clk 1:33:52]} Nc6 {[%clk 1:33:27]} 9. Bc4 {[%clk 1:34:16]} Bd7 {[%clk
1:33:12]} 10. O-O-O {[%clk 1:34:24]} Ne5 {[%clk 1:33:24]} 11. Bb3 {[%clk
1:34:47]} Rb8 {[%clk 1:33:35]} 12. h4 {[%clk 1:34:44]} h5 {[%clk 1:33:44]} 13.
Bg5 {[%clk 1:34:36]} b5 {[%clk 1:32:07]} 14. g4 {[%clk 1:33:08]} hxg4 {[%clk
1:25:23]} 15. Bxf6 {[%clk 1:33:06]} Bxf6 {[%clk 1:24:12]} 16. f4 {[%clk
1:31:30]} Nc4 {[%clk 1:23:15]} 17. Qe2 {[%clk 1:28:49]} Na5 {[%clk 1:12:39]}
18. f5 {[%clk 1:23:43]} Bxd4 {[%clk 1:04:01]} 19. Rxd4 {[%clk 1:23:09]} Nxb3+
{[%clk 1:03:58]} 20. axb3 {[%clk 1:22:09]} b4 {[%clk 0:58:46]} 21. Nb1 {[%clk
1:13:00]} Qb6 {[%clk 0:43:08]} 22. Rhd1 {[%clk 1:12:52]} gxf5 {[%clk 0:41:07]}
23. exf5 {[%clk 1:13:03]} Bxf5 {[%clk 0:20:14]} 24. Rxg4+ {[%clk 1:12:55]} Kh8
{[%clk 0:15:55]} 25. Rg5 {[%clk 0:54:33]} Bxc2 {[%clk 0:13:29]} 26. Kxc2 {[%clk
0:52:05]} Rfc8+ {[%clk 0:12:36]} 27. Nc3 {[%clk 0:52:19]} bxc3 {[%clk 0:10:26]}
28. Qh5# 1-0

[Event "DVM U16 2020"]
[Site "Willingen GER"]
[Date "2021.06.26"]
[Round "5"]
[White "Dietlmeier, Tobias"]
[Black "John, Niklas"]
[Result "0-1"]
[Termination "normal"]
[Board "7.2"]
[WhiteElo "1818"]
[BlackElo "1521"]
[WhiteClock "00:01:44"]
[BlackClock "00:08:01"]
[WhiteTeam "TV Tegernsee"]
[BlackTeam "Schachklub Münster 32 e. V."]
[PlyCount "62"]
[WhiteFideId "16213963"]
[BlackFideId "16234626"]
[EventCountry "GER"]
[EventRounds "7"]
[EventType "team-swiss"]
[EventDate "2021.06.23"]

1. d4 {[%clk 1:30:58]} Nf6 {[%clk 1:30:51]} 2. Bf4 {[%clk 1:31:08]} g6 {[%clk
1:30:48]} 3. e3 {[%clk 1:31:05]} Bg7 {[%clk 1:30:39]} 4. c4 {[%clk 1:29:21]}
O-O {[%clk 1:30:18]} 5. Nc3 {[%clk 1:29:03]} d5 {[%clk 1:30:35]} 6. Nf3 {[%clk
1:27:46]} c5 {[%clk 1:29:29]} 7. dxc5 {[%clk 1:24:36]} Qa5 {[%clk 1:26:28]} 8.
Nd2 {[%clk 1:15:06]} dxc4 {[%clk 1:20:13]} 9. Bxc4 {[%clk 1:13:17]} Qxc5 {[%clk
1:18:45]} 10. Qe2 {[%clk 1:05:00]} Nh5 {[%clk 0:58:35]} 11. Bg3 {[%clk
1:01:59]} Nxg3 {[%clk 0:54:40]} 12. hxg3 {[%clk 1:02:15]} Nc6 {[%clk 0:49:33]}
13. Nde4 {[%clk 0:52:22]} Qa5 {[%clk 0:43:42]} 14. O-O {[%clk 0:49:43]} Ne5
{[%clk 0:39:41]} 15. Bd5 {[%clk 0:36:12]} e6 {[%clk 0:35:57]} 16. Bb3 {[%clk
0:31:16]} b6 {[%clk 0:32:29]} 17. Rfd1 {[%clk 0:24:22]} Ba6 {[%clk 0:30:03]}
18. Qc2 {[%clk 0:21:43]} Ng4 {[%clk 0:20:55]} 19. Rd7 {[%clk 0:18:55]} Qh5
{[%clk 0:19:12]} 20. Rd3 {[%clk 0:11:23]} Qh2+ {[%clk 0:16:57]} 21. Kf1 {[%clk
0:11:49]} Bxd3+ {[%clk 0:16:10]} 22. Qxd3 {[%clk 0:12:05]} Qh1+ {[%clk
0:15:56]} 23. Ke2 {[%clk 0:12:31]} Qxa1 {[%clk 0:15:58]} 24. Nd1 {[%clk
0:02:40]} Rfd8 {[%clk 0:13:57]} 25. Nd6 {[%clk 0:02:26]} Be5 {[%clk 0:13:43]}
26. Qe4 {[%clk 0:02:40]} Bxd6 {[%clk 0:12:33]} 27. Qxg4 {[%clk 0:02:59]} Qc1
{[%clk 0:11:20]} 28. Kf3 {[%clk 0:02:14]} Bf8 {[%clk 0:09:45]} 29. Nc3 {[%clk
0:02:16]} Qxb2 {[%clk 0:09:17]} 30. Ne4 {[%clk 0:02:27]} Qe5 {[%clk 0:08:01]}
31. Bc2 {[%clk 0:01:44]} Qf5+ {[%clk 0:08:01]} 1/2-1/2

[Event "DVM U16 2020"]
[Site "Willingen GER"]
[Date "2021.06.26"]
[Round "5"]
[White "Tenbosch, Till Theo"]
[Black "Cheredzhiyska, Iva"]
[Result "1/2-1/2"]
[Termination "normal"]
[Board "7.3"]
[WhiteElo "1307"]
[BlackElo "1601"]
[WhiteClock "00:25:43"]
[BlackClock "00:08:03"]
[WhiteTeam "Schachklub Münster 32 e. V."]
[BlackTeam "TV Tegernsee"]
[PlyCount "120"]
[WhiteFideId "16255461"]
[BlackFideId "16241622"]
[EventCountry "GER"]
[EventRounds "7"]
[EventType "team-swiss"]
[EventDate "2021.06.23"]

1. d4 {[%clk 1:30:58]} d5 {[%clk 1:30:33]} 2. Nc3 {[%clk 1:31:20]} Bf5 {[%clk
1:29:03]} 3. Bf4 {[%clk 1:31:31]} c6 {[%clk 1:28:44]} 4. e3 {[%clk 1:30:55]}
Nf6 {[%clk 1:27:31]} 5. f3 {[%clk 1:30:46]} e6 {[%clk 1:21:35]} 6. g4 {[%clk
1:30:57]} Bg6 {[%clk 1:21:45]} 7. h4 {[%clk 1:31:09]} h5 {[%clk 1:20:46]} 8. g5
{[%clk 1:31:10]} Ng8 {[%clk 1:13:55]} 9. Bd3 {[%clk 1:31:09]} Bd6 {[%clk
1:12:43]} 10. Bxg6 {[%clk 1:29:36]} fxg6 {[%clk 1:11:17]} 11. Qd3 {[%clk
1:22:20]} Ne7 {[%clk 1:09:25]} 12. Nh3 {[%clk 1:19:58]} O-O {[%clk 1:04:55]}
13. O-O-O {[%clk 1:13:30]} Nf5 {[%clk 0:59:20]} 14. Bxd6 {[%clk 1:03:55]} Qxd6
{[%clk 0:59:44]} 15. Nf4 {[%clk 1:03:34]} Nxe3 {[%clk 0:53:11]} 16. Nxg6 {[%clk
0:48:32]} Nxd1 {[%clk 0:50:31]} 17. Nxf8 {[%clk 0:48:54]} Nxc3 {[%clk 0:43:57]}
18. Qh7+ {[%clk 0:49:02]} Kxf8 {[%clk 0:44:06]} 19. Qh8+ {[%clk 0:49:17]} Kf7
{[%clk 0:43:51]} 20. g6+ {[%clk 0:46:34]} Kf6 {[%clk 0:43:38]} 21. bxc3 {[%clk
0:46:14]} a5 {[%clk 0:40:24]} 22. Qe8 {[%clk 0:42:34]} Qe7 {[%clk 0:36:23]} 23.
Qh8 {[%clk 0:42:08]} Qc7 {[%clk 0:29:17]} 24. Qf8+ {[%clk 0:41:20]} Kxg6 {[%clk
0:29:38]} 25. Rg1+ {[%clk 0:40:24]} Kh7 {[%clk 0:29:58]} 26. Rg5 {[%clk
0:35:20]} g6 {[%clk 0:30:13]} 27. Re5 {[%clk 0:34:55]} b5 {[%clk 0:24:38]} 28.
Rxe6 {[%clk 0:34:08]} Ra7 {[%clk 0:24:47]} 29. Re8 {[%clk 0:32:15]} Qg7 {[%clk
0:24:32]} 30. Rxb8 {[%clk 0:31:32]} Qxf8 {[%clk 0:22:09]} 31. Rxf8 {[%clk
0:31:53]} Rc7 {[%clk 0:22:27]} 32. Kd2 {[%clk 0:28:30]} Kg7 {[%clk 0:20:15]}
33. Re8 {[%clk 0:27:39]} Kf6 {[%clk 0:17:57]} 34. Re5 {[%clk 0:26:32]} Rg7
{[%clk 0:14:59]} 35. f4 {[%clk 0:25:53]} Rg8 {[%clk 0:13:50]} 36. a3 {[%clk
0:25:11]} Rf8 {[%clk 0:07:18]} 37. Ke3 Rb8 {[%clk 0:04:29]} 38. Kf3 {[%clk
0:16:54]} b4 {[%clk 0:03:11]} 39. cxb4 {[%clk 0:17:07]} axb4 {[%clk 0:03:18]}
40. axb4 {[%clk 0:16:58]} Rxb4 {[%clk 0:03:43]} 41. c3 {[%clk 0:16:56]} Rb1
{[%clk 0:00:55]} 42. Re3 {[%clk 0:14:21]} Rf1+ {[%clk 0:28:38]} 43. Kg3 {[%clk
0:44:37]} Rg1+ {[%clk 0:28:50]} 44. Kf3 {[%clk 0:38:52]} Rg4 {[%clk 0:28:37]}
45. Re8 {[%clk 0:39:09]} Rxh4 {[%clk 0:28:15]} 46. Kg3 {[%clk 0:39:19]} Rg4+
{[%clk 0:28:06]} 47. Kf3 {[%clk 0:39:35]} Kf5 {[%clk 0:23:00]} 48. Re5+ {[%clk
0:39:34]} Kf6 {[%clk 0:23:09]} 49. Re8 {[%clk 0:39:37]} g5 {[%clk 0:17:52]} 50.
fxg5+ {[%clk 0:36:45]} Rxg5 {[%clk 0:18:16]} 51. Rc8 {[%clk 0:36:09]} h4 {[%clk
0:17:23]} 52. Rxc6+ {[%clk 0:35:31]} Kg7 {[%clk 0:17:07]} 53. Rc7+ {[%clk
0:35:46]} Kg6 {[%clk 0:16:44]} 54. Rc8 {[%clk 0:34:29]} Kg7 {[%clk 0:08:45]}
55. Rc7+ {[%clk 0:34:12]} Kf6 {[%clk 0:08:44]} 56. Rh7 {[%clk 0:25:21]} Rg3+
{[%clk 0:08:52]} 57. Kf4 {[%clk 0:24:59]} Rxc3 {[%clk 0:08:41]} 58. Rxh4 {[%clk
0:25:13]} Rd3 {[%clk 0:07:56]} 59. Rh6+ {[%clk 0:25:23]} Kg7 {[%clk 0:08:03]}
60. Rd6 {[%clk 0:25:43]} Rxd4+ 1/2-1/2

[Event "DVM U16 2020"]
[Site "Willingen GER"]
[Date "2021.06.26"]
[Round "5"]
[White "Stoib, Marinus"]
[Black "Hartwig, Eric-Jordan"]
[Result "1-0"]
[Termination "normal"]
[Board "7.4"]
[WhiteElo "1680"]
[BlackElo "1368"]
[WhiteClock "00:59:08"]
[BlackClock "00:59:14"]
[WhiteTeam "TV Tegernsee"]
[BlackTeam "Schachklub Münster 32 e. V."]
[PlyCount "59"]
[WhiteFideId "12994901"]
[BlackFideId "16298454"]
[EventCountry "GER"]
[EventRounds "7"]
[EventType "team-swiss"]
[EventDate "2021.06.23"]

1. d4 {[%clk 1:30:58]} Nf6 {[%clk 1:30:55]} 2. c4 {[%clk 1:31:13]} e6 {[%clk
1:31:17]} 3. Nc3 {[%clk 1:30:44]} Bb4 {[%clk 1:31:27]} 4. Qc2 {[%clk 1:30:02]}
c5 {[%clk 1:30:10]} 5. dxc5 {[%clk 1:29:54]} Bxc5 {[%clk 1:30:30]} 6. Nf3
{[%clk 1:29:53]} Nc6 {[%clk 1:30:29]} 7. Bg5 {[%clk 1:29:58]} h6 {[%clk
1:30:12]} 8. Bh4 {[%clk 1:30:08]} Nd4 {[%clk 1:24:35]} 9. Nxd4 {[%clk 1:29:55]}
Bxd4 {[%clk 1:24:59]} 10. O-O-O {[%clk 1:29:51]} Be5 {[%clk 1:22:42]} 11. f3
{[%clk 1:26:15]} g5 {[%clk 1:18:23]} 12. Bf2 {[%clk 1:25:54]} a6 {[%clk
1:15:48]} 13. g4 {[%clk 1:24:46]} Qc7 {[%clk 1:16:00]} 14. h4 {[%clk 1:23:37]}
Nh7 {[%clk 1:11:19]} 15. e3 {[%clk 1:21:17]} Nf8 {[%clk 1:08:06]} 16. Ne4
{[%clk 1:18:11]} b5 {[%clk 1:02:53]} 17. hxg5 {[%clk 1:17:46]} hxg5 {[%clk
1:03:11]} 18. Rxh8 {[%clk 1:17:16]} Bxh8 {[%clk 1:03:34]} 19. Nd6+ {[%clk
1:17:11]} Ke7 {[%clk 1:03:46]} 20. Bg3 {[%clk 1:16:56]} Qc6 {[%clk 1:03:26]}
21. Bg2 {[%clk 1:13:09]} Qc5 {[%clk 1:00:38]} 22. Kb1 {[%clk 1:00:47]} e5
{[%clk 0:58:18]} 23. f4 {[%clk 1:00:14]} Rb8 {[%clk 0:57:22]} 24. Qf5 {[%clk
0:59:04]} f6 {[%clk 0:57:26]} 25. fxe5 {[%clk 0:58:26]} Qxe3 {[%clk 0:57:41]}
26. exf6+ {[%clk 0:58:25]} Bxf6 {[%clk 0:58:05]} 27. Re1 {[%clk 0:58:02]} Qxe1+
{[%clk 0:58:29]} 28. Bxe1 {[%clk 0:58:27]} Kxd6 {[%clk 0:58:53]} 29. Qxf6+
{[%clk 0:58:47]} Ne6 {[%clk 0:59:14]} 30. Bg3+ {[%clk 0:59:08]} 1-0

[Event "DVM U16 2020"]
[Site "Willingen GER"]
[Date "2021.06.26"]
[Round "5"]
[White "Weishäutel, Moritz"]
[Black "Hassemeier, Mika"]
[Result "1/2-1/2"]
[Termination "normal"]
[Board "8.1"]
[WhiteElo "2207"]
[BlackElo "2072"]
[WhiteClock "00:00:32"]
[BlackClock "00:01:58"]
[WhiteTeam "Erfurter Schachklub"]
[BlackTeam "FVS ASP Hoyerswerda"]
[PlyCount "111"]
[WhiteFideId "12967300"]
[BlackFideId "12994880"]
[EventCountry "GER"]
[EventRounds "7"]
[EventType "team-swiss"]
[EventDate "2021.06.23"]

1. e4 {[%clk 1:30:58]} c6 {[%clk 1:30:40]} 2. d4 {[%clk 1:31:22]} g6 {[%clk
1:31:00]} 3. Nc3 {[%clk 1:31:13]} d5 {[%clk 1:31:12]} 4. Nf3 {[%clk 1:31:10]}
dxe4 {[%clk 1:31:08]} 5. Nxe4 {[%clk 1:31:33]} Nf6 {[%clk 1:31:27]} 6. Nxf6+
{[%clk 1:28:17]} exf6 {[%clk 1:31:48]} 7. Bc4 {[%clk 1:23:30]} Bg7 {[%clk
1:31:48]} 8. O-O {[%clk 1:22:39]} O-O {[%clk 1:32:10]} 9. c3 {[%clk 1:21:19]}
a5 {[%clk 1:31:42]} 10. a4 {[%clk 1:18:25]} Nd7 {[%clk 1:30:02]} 11. Re1 {[%clk
1:12:43]} Nb6 {[%clk 1:29:23]} 12. Bb3 {[%clk 1:13:06]} Nd5 {[%clk 1:22:31]}
13. c4 {[%clk 1:10:06]} Nb4 {[%clk 1:11:29]} 14. d5 {[%clk 1:10:28]} cxd5
{[%clk 1:06:48]} 15. cxd5 {[%clk 1:10:49]} b6 {[%clk 0:53:28]} 16. d6 {[%clk
0:59:27]} Ba6 {[%clk 0:51:12]} 17. Re3 {[%clk 0:47:52]} Ra7 {[%clk 0:47:15]}
18. Rc3 {[%clk 0:44:58]} Rd7 {[%clk 0:40:16]} 19. Bf4 {[%clk 0:45:19]} g5
{[%clk 0:25:03]} 20. Bg3 {[%clk 0:45:30]} f5 {[%clk 0:25:25]} 21. Be5 {[%clk
0:44:28]} g4 {[%clk 0:18:29]} 22. Bxg7 {[%clk 0:44:16]} Kxg7 23. Nd4 {[%clk
0:42:04]} Qf6 {[%clk 0:18:54]} 24. Qd2 {[%clk 0:33:29]} Kg6 {[%clk 0:15:32]}
25. Qf4 {[%clk 0:21:14]} Rfd8 {[%clk 0:10:42]} 26. Nc2 {[%clk 0:11:10]} Qxd6
{[%clk 0:07:36]} 27. Qxd6+ {[%clk 0:10:42]} Rxd6 {[%clk 0:08:00]} 28. Nxb4
{[%clk 0:10:24]} axb4 {[%clk 0:08:23]} 29. Rc7 {[%clk 0:10:50]} R8d7 {[%clk
0:07:38]} 30. Rac1 {[%clk 0:11:13]} Bb7 {[%clk 0:05:56]} 31. h3 {[%clk
0:10:35]} Be4 {[%clk 0:01:59]} 32. Rxd7 {[%clk 0:08:50]} Rxd7 {[%clk 0:02:23]}
33. Rc4 {[%clk 0:09:03]} gxh3 {[%clk 0:02:30]} 34. gxh3 {[%clk 0:09:32]} Rd3
{[%clk 0:02:32]} 35. Rxb4 {[%clk 0:09:31]} Rxh3 {[%clk 0:02:38]} 36. Rxb6+
{[%clk 0:09:53]} Kg5 {[%clk 0:02:52]} 37. Kf1 {[%clk 0:06:12]} f6 {[%clk
0:02:51]} 38. a5 {[%clk 0:05:21]} h5 {[%clk 0:01:00]} 39. a6 {[%clk 0:02:42]}
Kf4 {[%clk 0:00:40]} 40. Ke1 {[%clk 0:01:55]} h4 {[%clk 0:00:42]} 41. Rb4
{[%clk 0:24:16]} Rh1+ {[%clk 0:20:45]} 42. Ke2 {[%clk 0:22:55]} Ra1 {[%clk
0:17:56]} 43. f3 {[%clk 0:17:17]} h3 {[%clk 0:15:05]} 44. fxe4 {[%clk 0:17:01]}
fxe4 {[%clk 0:13:51]} 45. Bd5 {[%clk 0:15:00]} f5 {[%clk 0:12:10]} 46. Rb3
{[%clk 0:10:50]} h2 {[%clk 0:10:12]} 47. Rh3 {[%clk 0:10:58]} Rxa6 {[%clk
0:10:16]} 48. Rxh2 {[%clk 0:11:16]} Ra5 {[%clk 0:08:00]} 49. Bc4 {[%clk
0:10:15]} Ra4 {[%clk 0:05:57]} 50. Bg8 {[%clk 0:06:07]} Ra8 {[%clk 0:04:42]}
51. Bh7 {[%clk 0:04:38]} Rb8 {[%clk 0:03:00]} 52. Rf2+ {[%clk 0:03:27]} Ke5
{[%clk 0:02:07]} 53. Ke1 {[%clk 0:00:57]} f4 {[%clk 0:02:24]} 54. Rc2 {[%clk
0:01:13]} Rb4 55. Re2 {[%clk 0:00:32]} f3 {[%clk 0:01:58]} 56. Rxe4+ {[%clk
0:00:32]} 1/2-1/2

[Event "DVM U16 2020"]
[Site "Willingen GER"]
[Date "2021.06.26"]
[Round "5"]
[White "Schuh, Robert"]
[Black "Seinsoth, Paul"]
[Result "1/2-1/2"]
[Termination "normal"]
[Board "8.2"]
[WhiteElo "1588"]
[BlackElo "1737"]
[WhiteClock "00:10:45"]
[BlackClock "00:14:56"]
[WhiteTeam "FVS ASP Hoyerswerda"]
[BlackTeam "Erfurter Schachklub"]
[PlyCount "103"]
[WhiteFideId "16215990"]
[BlackFideId "12994634"]
[EventCountry "GER"]
[EventRounds "7"]
[EventType "team-swiss"]
[EventDate "2021.06.23"]

1. d4 {[%clk 1:30:55]} Nf6 {[%clk 1:30:44]} 2. c4 {[%clk 1:31:08]} e6 {[%clk
1:30:57]} 3. Nc3 {[%clk 1:31:25]} Bb4 {[%clk 1:30:58]} 4. Qc2 {[%clk 1:31:39]}
Nc6 {[%clk 1:31:09]} 5. Nf3 {[%clk 1:31:36]} d6 {[%clk 1:30:59]} 6. a3 {[%clk
1:28:27]} Bxc3+ {[%clk 1:31:22]} 7. Qxc3 {[%clk 1:28:48]} O-O {[%clk 1:30:35]}
8. e3 {[%clk 1:26:20]} Qe7 {[%clk 1:29:50]} 9. Be2 {[%clk 1:23:57]} e5 {[%clk
1:28:25]} 10. dxe5 {[%clk 1:18:47]} dxe5 {[%clk 1:26:55]} 11. O-O {[%clk
1:11:13]} a5 {[%clk 1:20:56]} 12. b3 {[%clk 1:09:22]} Re8 {[%clk 1:16:47]} 13.
Bb2 {[%clk 1:08:09]} Bg4 {[%clk 1:14:58]} 14. Qc2 {[%clk 1:06:17]} Rad8 {[%clk
1:09:11]} 15. Rad1 {[%clk 1:03:23]} h6 {[%clk 1:06:04]} 16. Rxd8 {[%clk
0:58:16]} Rxd8 {[%clk 1:04:23]} 17. Rd1 {[%clk 0:52:29]} Rxd1+ {[%clk 1:03:31]}
18. Qxd1 {[%clk 0:46:41]} Bf5 {[%clk 1:03:01]} 19. h3 {[%clk 0:44:56]} Nd7
{[%clk 0:57:18]} 20. Ne1 {[%clk 0:37:38]} e4 {[%clk 0:53:31]} 21. Qd5 {[%clk
0:33:44]} Qe6 {[%clk 0:51:10]} 22. Qxe6 {[%clk 0:29:01]} Bxe6 {[%clk 0:51:06]}
23. Bd1 {[%clk 0:28:12]} Nc5 {[%clk 0:49:36]} 24. Bc2 {[%clk 0:28:03]} f5
{[%clk 0:48:06]} 25. Kf1 {[%clk 0:28:02]} a4 {[%clk 0:47:32]} 26. b4 {[%clk
0:18:31]} Bxc4+ {[%clk 0:46:11]} 27. Kg1 {[%clk 0:18:50]} Nb3 {[%clk 0:44:49]}
28. g4 {[%clk 0:16:01]} g6 {[%clk 0:44:03]} 29. Kg2 {[%clk 0:15:50]} Kf7 {[%clk
0:43:25]} 30. Kg3 {[%clk 0:15:15]} b5 {[%clk 0:35:55]} 31. gxf5 {[%clk
0:14:39]} gxf5 {[%clk 0:35:27]} 32. Kf4 {[%clk 0:14:25]} Be6 {[%clk 0:32:09]}
33. Ng2 {[%clk 0:11:09]} Ne7 {[%clk 0:30:50]} 34. Kg3 {[%clk 0:07:33]} Nd2
{[%clk 0:27:57]} 35. Bc1 {[%clk 0:02:51]} Nc4 {[%clk 0:26:15]} 36. Nf4 {[%clk
0:03:07]} Nd5 {[%clk 0:25:08]} 37. Nxd5 {[%clk 0:02:57]} Bxd5 {[%clk 0:25:27]}
38. Kf4 {[%clk 0:03:07]} Kf6 {[%clk 0:24:36]} 39. Bd1 {[%clk 0:03:19]} Ke6
{[%clk 0:14:25]} 40. Be2 {[%clk 0:01:59]} Nd6 {[%clk 0:12:25]} 41. f3 {[%clk
0:00:32]} exf3 {[%clk 0:05:24]} 42. Bxf3 {[%clk 0:00:49]} Bxf3 {[%clk 0:05:38]}
43. Kxf3 {[%clk 0:29:01]} Nc4 {[%clk 0:32:46]} 44. e4 {[%clk 0:25:52]} fxe4+
{[%clk 0:31:06]} 45. Kxe4 {[%clk 0:26:09]} h5 {[%clk 0:30:40]} 46. Kd4 {[%clk
0:23:59]} c6 {[%clk 0:22:23]} 47. Kc5 {[%clk 0:18:41]} Kd7 {[%clk 0:19:12]} 48.
Kd4 {[%clk 0:17:35]} Ke6 {[%clk 0:17:48]} 49. Kc5 {[%clk 0:17:43]} Ne5 {[%clk
0:17:10]} 50. Be3 {[%clk 0:12:13]} Kd7 {[%clk 0:14:56]} 51. Kd4 {[%clk
0:10:45]} Nf3+ 52. Ke4 1/2-1/2

[Event "DVM U16 2020"]
[Site "Willingen GER"]
[Date "2021.06.26"]
[Round "5"]
[White "Nakhle, Fabrice"]
[Black "Wende, Hugo"]
[Result "1/2-1/2"]
[Termination "normal"]
[Board "8.3"]
[WhiteElo "1254"]
[BlackElo "1599"]
[WhiteClock "00:28:17"]
[BlackClock "00:29:42"]
[WhiteTeam "Erfurter Schachklub"]
[BlackTeam "FVS ASP Hoyerswerda"]
[PlyCount "92"]
[WhiteFideId "34606009"]
[BlackFideId "16220030"]
[EventCountry "GER"]
[EventRounds "7"]
[EventType "team-swiss"]
[EventDate "2021.06.23"]

1. e4 e6 2. d4 d5 {[%clk 1:31:34]} 3. Nc3 {[%clk 1:31:51]} dxe4 {[%clk
1:31:13]} 4. Nxe4 {[%clk 1:31:25]} Nd7 {[%clk 1:31:12]} 5. Bd3 {[%clk 1:31:00]}
Ngf6 {[%clk 1:30:25]} 6. Qe2 {[%clk 1:29:36]} Nxe4 {[%clk 1:28:57]} 7. Bxe4 Nf6
{[%clk 1:22:03]} 8. Bxb7 {[%clk 1:28:01]} Rb8 {[%clk 1:22:03]} 9. Bxc8 {[%clk
1:27:35]} Qxc8 {[%clk 1:21:02]} 10. Nf3 Be7 {[%clk 1:20:21]} 11. O-O {[%clk
1:27:05]} O-O 12. Ne5 {[%clk 1:26:21]} c5 {[%clk 1:18:49]} 13. c3 Rd8 {[%clk
1:08:22]} 14. Qf3 {[%clk 1:16:30]} Rb6 15. Rb1 {[%clk 0:58:10]} cxd4 {[%clk
1:03:49]} 16. cxd4 {[%clk 0:44:57]} Qc2 {[%clk 0:25:18]} 17. Be3 Qe4 18. Qxe4
{[%clk 0:36:00]} Nxe4 {[%clk 0:19:01]} 19. Rfd1 {[%clk 0:30:49]} Rbd6 {[%clk
0:16:58]} 20. f3 Nc5 21. Nc6 {[%clk 0:23:58]} Rxc6 {[%clk 0:17:06]} 22. dxc5
{[%clk 0:24:07]} Rdc8 {[%clk 0:16:55]} 23. b4 {[%clk 0:21:38]} a6 {[%clk
0:14:00]} 24. a4 f6 {[%clk 0:12:54]} 25. Rd7 {[%clk 0:13:41]} Kf8 26. Ra7
{[%clk 0:12:08]} Rb8 {[%clk 0:12:04]} 27. b5 {[%clk 0:10:14]} axb5 28. axb5
Bxc5 {[%clk 0:05:10]} 29. Bxc5+ {[%clk 0:10:15]} Rxc5 {[%clk 0:03:42]} 30. b6
{[%clk 0:09:42]} Rd5 {[%clk 0:02:31]} 31. Kf2 {[%clk 0:05:06]} Rd6 {[%clk
0:02:58]} 32. b7 {[%clk 0:05:06]} Rdd8 {[%clk 0:02:58]} 33. Rba1 {[%clk
0:04:55]} Ke7 {[%clk 0:03:02]} 34. Kg3 {[%clk 0:03:11]} Rd7 {[%clk 0:02:38]}
35. Rb1 {[%clk 0:03:11]} f5 {[%clk 0:02:32]} 36. Ra8 {[%clk 0:02:35]} Rbxb7
{[%clk 0:02:53]} 37. Rxb7 {[%clk 0:02:48]} Rxb7 {[%clk 0:03:20]} 38. Rh8 {[%clk
0:03:08]} h6 39. Kh4 {[%clk 0:03:13]} Kf6 {[%clk 0:04:02]} 40. Kh5 {[%clk
0:02:43]} Rb2 41. h4 {[%clk 0:00:36]} Rxg2 {[%clk 0:03:24]} 42. f4 {[%clk
0:28:28]} Rg4 {[%clk 0:31:48]} 43. Rf8+ {[%clk 0:27:57]} Ke7 {[%clk 0:32:13]}
44. Re8+ {[%clk 0:27:48]} Kd6 {[%clk 0:31:38]} 45. Rxe6+ {[%clk 0:28:17]} Kd7
{[%clk 0:29:42]} 46. Re7+ Kxe7 1/2-1/2